| 000 | 01307nam a2200265 a 4500 | ||
|---|---|---|---|
| 999 |
_c447085 _d447085 |
||
| 003 | BLK | ||
| 005 | 20230808085636.0 | ||
| 008 | 220302b bul|||||r ||||||| ||bul|| | ||
| 040 | _aBLK | ||
| 041 |
_aBUL _cBUL |
||
| 080 |
_aУчащи се в спортни школи и училища. Студенти в институтите по физкултура и спорт и др. _b796.077.5 _x(062) _z796.077.5(062) |
||
| 139 | _bЗ 12 | ||
| 245 | 1 | 0 |
_aЗа ефективността на учебно-тренировъчната и възпитателната работа в ученическите спортни школи _bИз добрия педагогически опит _cсъстав. Петко Бояджиев _h[Малотир. изд.] |
| 260 |
_aСофия _bМинистерство на народната просвета _c1982 _9446542 |
||
| 300 |
_a140 с. _c20 см |
||
| 380 | _a79 | ||
| 500 | _aУченическа спортна школа - Русе. | ||
| 653 | 7 |
_9197175 _aспортни училища |
|
| 653 | 7 |
_9199116 _aучебно-възпитателна работа |
|
| 700 |
_aБояджиев, Петко _eсъстав. _9471159 |
||
| 852 |
_bК _cК 796/799/З-12 |
||
| 942 |
_cKNG _n0 _s1 _01 |
||
| 944 |
_aCR _c2022-03-04 _k30570 _lМоника Янева |
||
| 999 | _d447085 | ||